000
00258nam a22001097a 4500
082
_a
671 BED'B
100
_a
BEDFORD, JOHN R
_9
58205
245
_a
A BASIC COURSE OF PRACTICAL METAL WORK
260
_a
LONDON
_b
JOHN MURRAY
_c
1960
300
_a
96P
942
_c
BK
999
_c
580734
_d
580734